Formas de países africanos - Estadísticas

Estadísticas generales
  • Esta prueba ha sido intentada 3.541 veces
  • La puntuación promedio es 34 de 54
Estadísticas de respuestas
Imagen Respuesta % Correcto
Egipto
99%
Marruecos
97%
Somalia
94%
Sudáfrica
92%
Argelia
88%
Namibia
87%
Libia
86%
Madagascar
84%
Malí
84%
Gambia
82%
Mozambique
82%
República Democrática
del Congo
82%
Senegal
80%
Benín
79%
Cabo Verde
78%
Angola
76%
Camerún
76%
Chad
76%
Togo
75%
Zambia
75%
Eritrea
72%
Guinea Ecuatorial
72%
Malaui
71%
Santo Tomé y Príncipe
70%
Etiopía
68%
Seychelles
68%
Sudán
68%
Mauricio
66%
Comoras
65%
Túnez
62%
Mauritania
61%
Níger
58%
Ghana
56%
República Centroafricana
56%
Nigeria
55%
Guinea
52%
Botsuana
51%
Burkina Faso
50%
Liberia
48%
Guinea-Bissau
47%
Zimbabue
47%
Gabón
46%
Costa de Marfil
44%
Tanzania
44%
República del Congo
42%
Sudán del Sur
42%
Uganda
40%
Kenia
39%
Sierra Leona
38%
Burundi
35%
Lesoto
35%
Esuatini
34%
Yibuti
33%
Ruanda
27%
No se encontraron pruebas coincidentes
Distribución de puntuación
Porcentaje de gente con cada puntuación
Porcentaje por número respondido
Historial de tus puntuaciones
No has intentado esta prueba.